MARC details
| 000 -LEADER |
| fixed length control field |
01228nam a2200205 a 4500 |
| 008 - FIXED-LENGTH DATA ELEMENTS--GENERAL INFORMATION |
| fixed length control field |
100112s1985 ||||||||||||||||| || u |
| 050 ## - LIBRARY OF CONGRESS CALL NUMBER |
| Classification number |
CTA(02) |
| 110 ## - MAIN ENTRY--CORPORATE NAME |
| Corporate name or jurisdiction name as entry element |
Technical Centre for Agricultural and Rural Cooperation (CTA) |
| 245 10 - TITLE STATEMENT |
| Title |
Proceedings of the seminar on scientific and technical information for agricultural and rural development, Montpellier, France, 17-21 december 1984. |
| Statement of responsibility, etc. |
The Technical Centre for Agricultural and Rural Cooperation (CTA) |
| 260 ## - PUBLICATION, DISTRIBUTION, ETC. |
| Place of publication, distribution, etc. |
Ede-Wageningen, The Netherlands: |
| Name of publisher, distributor, etc. |
CTA |
| Date of publication, distribution, etc. |
1985 |
| 300 ## - PHYSICAL DESCRIPTION |
| Extent |
126p.: ill. |
| 350 ## - |
| -- |
0.00 |
| 490 ## - |
| -- |
The Technical Centre for agricultural and Rural Cooperation (CTA) |
| 500 ## - GENERAL NOTE |
| General note |
Vol 1: Preliminary studies Vol 2: Texts and transcriptions |
| 650 ## - SUBJECT ADDED ENTRY--TOPICAL TERM |
| Topical term or geographic name entry element |
AGRICULTURE |
| 650 ## - SUBJECT ADDED ENTRY--TOPICAL TERM |
| Topical term or geographic name entry element |
RURAL DEVELOPMENT--INFORMATION SERVICES--CONGRESSES |
| 650 ## - SUBJECT ADDED ENTRY--TOPICAL TERM |
| Topical term or geographic name entry element |
AGRICULTURE--DEVELOPING COUNTRIES--INFORMATION SERVICES--CONGRESSES |
| 995 ## - |
| -- |
SPECIAL COLLECTIONS |
| -- |
0.00 |
| -- |
03005342 |
| -- |
CBU-MAIN LIBRARY (Kitwe) |
| -- |
1 |
| -- |
0.00 |
| -- |
CTA(02)1985/3A |
| -- |
1 |
| -- |
AVAILABLE |
| -- |
Jan 12, 2010 |
| -- |
Z03005342 |
| -- |
International Publications |
| 995 ## - |
| -- |
SPECIAL COLLECTIONS |
| -- |
0.00 |
| -- |
03005343 |
| -- |
CBU-MAIN LIBRARY (Kitwe) |
| -- |
1 |
| -- |
0.00 |
| -- |
CTA(02)1985/3B |
| -- |
2 |
| -- |
AVAILABLE |
| -- |
Jan 13, 2010 |
| -- |
Z03005343 |
| -- |
International Publications |
| 999 ## - |
| -- |
77211 |
| -- |
77211 |